| 000 | 00617nam a22002057a 4500 | ||
|---|---|---|---|
| 005 | 20260701143802.0 | ||
| 010 | _aENG-148861 | ||
| 020 |
_a9788119670444 _c495.00 |
||
| 035 | _aEN-132393 | ||
| 037 | _bDBAD | ||
| 082 |
_a320.954 _21 |
||
| 100 |
_aVerma, Suresh _989481 |
||
| 245 |
_aTransforming India Gamechanger in Action/ _cSuresh Verma |
||
| 250 | _a1 | ||
| 260 |
_a New Delhi _bVitasta Publishing _c2024 |
||
| 270 |
_a2/15, Ansari Road, Dariyaganj, _b New Delhi _e110002 _minfo@vitastapublishing.com |
||
| 300 | v |
_a338p. _b23cm.(pb) |
|
| 650 | _afiction | ||
| 942 |
_2ddc _cEN _mVER _h320.954 |
||
| 999 |
_c216811 _d216811 |
||